000 00959cam a2200289 a 4500
001 15235162
005 20180213032411.0
008 080327s2009 mauab b 001 0 eng
010 _a 2008925891
020 _a9780312452872 (combined : alk. paper)
020 _a031245287X (combined : alk. paper)
020 _a9780312452889 (v. 1 : alk. paper)
020 _a0312452888 (v. 1 : alk. paper)
020 _a9780312452896 (v. 2 : alk. paper)
020 _a0312452896 (v. 2 : alk. paper)
040 _aDLC
_cDLC
_dDLC
041 _aeng
080 _a941
082 _2941 STR
100 1 _a16
101 _aHIS
245 1 0 _aWays of the world :
_cRobert W. Strayer.
504 _aIncludes bibliographical references (p. 757-774) and index.
906 _a7
_bcbc
_corignew
_d2
_eepcn
_f20
_gy-gencatlg
942 _2ddc
_cBK
999 _c42326
_d42326